| 000 | 00988nam a2200169Ia 4500 | ||
|---|---|---|---|
| 008 | 100122s9999 xx 000 0 und d | ||
| 082 |
_b37706 _a81.952 |
||
| 100 | _aभरतमुनी | ||
| 245 | _aदशरुपक -विधान भरतमुनींच्या नाटयशास्त्रातील अध्याप वर सेटीप मराठी भाषा | ||
| 250 | _a1 | ||
| 260 |
_bम.रा.साहित्य संस्कृती मंडळ _c1974 |
||
| 300 | _a322 | ||
| 630 | _aदशरुपक -विधान भरतमुनींच्या नाटयशास्त्रातील अध्याप वर सेटीप मराठी भाषा | ||
| 700 | _aकंगले र प | ||
| 730 | _aदशरुपक -विधान भरतमुनींच्या नाटयशास्त्रातील अध्याप वर सेटीप मराठी भाषा | ||
| 942 | _cBOOK | ||
| 999 |
_c420068 _d420065 |
||